| 000 | 00817nas a2200289 4500 | ||
|---|---|---|---|
| 001 | BR0204029 | ||
| 003 | BR-BrBNA | ||
| 005 | 20231205103208.0 | ||
| 007 | ta | ||
| 008 | 230509b bl.|||p| |||| 00| 00por d | ||
| 040 |
_aBR-BrBNA _bpor _cBiblioteca Nacional de Agricultura |
||
| 041 | _a(Pt) | ||
| 072 | _aL70; L74 | ||
| 100 | 1 | _aBaldani, L.A. | |
| 100 | 1 | _aSousa, R.V. | |
| 245 | 1 | _aEncefalopatia hepática canina | |
| 650 | _aCÃO | ||
| 650 | _aDISTÚRBIO METABÓLICO | ||
| 650 | _aFÍGADO | ||
| 650 | _aANÁLISE DE LABORATÓRIO | ||
| 650 | _aDIAGNÓSTICO | ||
| 650 | _aMEDICAMENTO | ||
| 650 | _aDIETA | ||
| 773 | 0 |
_tCadernos Técnicos de Veterinária e Zootecnia (Brazil) _xISSN 1676-6024 _g(May 2002), v.38 p. 25-43 _wBR0204029 |
|
| 909 |
_a202311 _bLúcia _c55 _dLúcia Elande |
||
| 942 |
_2AGRIS _n0 _cANA |
||
| 999 |
_c171599 _d171599 |
||